000 00525nam a22001817a 4500
005 20251108175056.0
008 250721s2011 xx 000 0 ara d
082 1 4 _a613.48/قمح
100 1 _aقمحية، وليد
245 1 0 _aالطرق الصحية للتعامل مع البشرة : طرق و مقادير /
264 _bالمؤلف،
_c2011.
300 _a230ص.
650 1 7 _aالصحة
650 1 7 _aالوجه
650 1 7 _aمستحضرات تجميل الوجه
942 _2ddc
_cBK
999 _c125566
_d125566